Γενική εφημερίς της Ελλάδος : του 1827 έτους
Saved in:
| Format: | Book |
|---|---|
| Language: | Greek |
| Published: |
Αθήνα :
Εθνική τυπογραφία,
|
| Subjects: | |
| Tags: |
Add Tag
No Tags, Be the first to tag this record!
|
MARC
| LEADER | 00000nam a2200000 i 4500 | ||
|---|---|---|---|
| 001 | 1/97496 | ||
| 008 | 950217s gre d | ||
| 035 | |l 10010577 | ||
| 040 | |a GR-MY-UA |b gre |e aacr | ||
| 041 | 0 | |a gre | |
| 082 | 0 | |a 059.89 | |
| 245 | 1 | 0 | |a Γενική εφημερίς της Ελλάδος : |b του 1827 έτους |
| 260 | |a Αθήνα : |b Εθνική τυπογραφία, | ||
| 650 | 0 | 0 | |a Greek newspapers. |
| 852 | |a INST |b LESVOS |e 19950217 |h 059.89 ΓΕΝ |p 005100002879 |q 005100002879 |t BK |y 0 | ||
| 909 | |a Λ |b 028000 | ||